| 000 | 00000nam 2200000za 4500 |
| 001 | 9.674273 |
| 003 | CaOODSP |
| 005 | 20200328165309 |
| 007 | cr ||||||||||| |
| 008 | 150407|2000||||xxc|||||o f|0| 0 eng d |
| 040 | |aCaOODSP|beng |
| 041 | |aeng |
| 041 | |afre |
| 043 | |an-cn--- |
| 086 | 1 |aJU1-1/2000-IN |
| 110 | 1 |aCanada. |bSupreme Court. |
| 245 | 14|aThe Supreme Court of Canada : |h[electronic resource]|b[news releases, recent judgments, weekly bulletins, judgments published in the Supreme Court Reports (S.C.R.)] / |cIssued jointly with the LexUM team, Centre de Recherche en Droit Public, University of Montreal. |
| 260 | |aOttawa - Ontario : |bCourts. |c2000. |
| 500 | |a"Please note that the decisions of the Supreme Court of Canada on this Internet site have been prepared for convenience of reference only. The official versions of decisions and reasons for decision by the Supreme Court of Canada are published in the Supreme Court Reports (S.C.R.)." "The collection available currently goes back to 1989." Also includes bulletins and press releases. |
| 520 | 3 |aPlease note that the decisions of the Supreme Court of Canada on this Internet site have been prepared for convenience of reference only. The official versions of decisions and reasons for decision by the Supreme Court of Canada are published in the Supreme Court Reports (S.C.R.) The collection available currently goes back to 1989 |
| 546 | |aBilingual |
| 690 | 07|aCourt decisions|2gcpds |
| 690 | 07|aDatabases|2gcpds |
| 792 | |tLa Cour suprême du Canada : |efre|w(CaOODSP)9.674274 |
| 856 | 40|uhttp://www.lexum.umontreal.ca/csc-scc/en/index.html|sN/A|qHTML |